I am not crazy! - Statistics

General Stats
  • This quiz has been taken 14 times
    10 since last reset
  • The average score is 28 of 32
Answer Stats
As if I could ever make such a mistake. Never! Never! % Correct
THROUGH A SUNROOF!
100%
Stealing them blind.
100%
This-This Chicanery?
100%
HE DEFECATED
100%
just happens to fall
100%
Couldn't keep his hands
100%
to lie for him...
100%
"But not our Jimmy,
100%
couldn't be precious Jimmy."
100%
And he gets to be a lawyer?
100%
Are you telling me a man
100%
He'll never change.
100%
WHAT A SICK JOKE.
100%
And you-you have to stop him,
100%
He-he-he covered his tracks,
100%
Y- You-
100%
You think this is bad?
88%
What was I thinking?
88%
he orchestrated it, Jimmy!
88%
He'll never change.
88%
Ever since he was nine,
88%
like that? No,
88%
And I saved him.
88%
out of the cash drawer!
75%
He got that idiot at the copy shop
75%
I should have stopped him when I had the chance.
75%
always the same!
63%
I shouldn't have.
63%
He's done worse. That billboard.
63%
I just- I just couldn't prove it!
50%
I took him into my own firm!
50%
Mr. McGill, please... You think this is something?
38%
No matching quizzes found
Score Distribution
Percent of People with Each Score
Percentile by Number Answered
Your Score History
You have not taken this quiz since the last reset